| 000 | 01028nam a22002777a 4500 | ||
|---|---|---|---|
| 003 | dpl | ||
| 005 | 20180629153917.0 | ||
| 008 | 180629b xxu||||| |||| 00| 0 eng d | ||
| 010 | _aB-048052 | ||
| 020 |
_c150.00 _a8173153671 |
||
| 035 | _aB-048052,B-048074 | ||
| 037 | _bCen Lib/Ret | ||
| 040 |
_aDPL _bHN _c0 |
||
| 082 |
_aक _bसीतेश |
||
| 100 |
_aसीतेश आलोक _975680 |
||
| 245 |
_aविचित्र / _cसीतेश आलोक |
||
| 246 |
_aVichitr / _bby Seetesh Alok |
||
| 260 |
_aनयी दिल्ली _bप्रभात प्रकाशन _c2001 |
||
| 270 |
_bनयी दिल्ली _e110002 _a4/11 असफ अली रोड |
||
| 300 |
_a153p. _c19से.मी. (सजिल्द) |
||
| 650 |
_aसाहित्य--कहानियां _91200 |
||
| 650 |
_aहिंदी--कहानियां _92082 |
||
| 650 |
_aLiterature--Stories _975681 |
||
| 650 |
_aHindi--stories _975682 |
||
| 942 |
_2ddc _cHN _hक _mसीतेश |
||
| 999 |
_c117604 _d117604 |
||